Michail Šolochov

Bibliographic Details
Main Author: Litvinov, Vasilij M. (Author)
Format: Book
Language:Russian
PhysicalDescription:348, [4] s., [16] s. fot. príl. 8°
Published: Moskva Chudožestvennaja lit. 1985
Edition:2. dop. izd.

MARC

LEADER 00000nam a2200000 a 4500
001 vtls001368669
003 SK-MaSNL
005 20260301010939.0
008 240315s1985 RU 0 rus
035 |a SNK000322375 
040 |a SNK  |b slo  |c SNK  |e AACR2 
041 0 |a rus 
044 |a RU 
100 1 |a Litvinov, Vasilij M.  |4 aut  |9 293574 
245 1 |a Michail Šolochov  |c Vasilij M. Litvinov 
250 |a 2. dop. izd. 
260 |a Moskva  |b Chudožestvennaja lit.  |c 1985 
300 |a 348, [4] s., [16] s. fot. príl.  |c 8° 
958 |a RK 
958 |a OND 
999 |c 549539  |d 551469 
952 |t P60, <04>, [BOOK], {604}  |a SNK  |b SNK  |y VYP  |7 0  |p 17A0440875  |o snkIC 105624  |i snkV 2067/87  |0 0  |1 0  |4 0  |d 1999-07-22  |l 0  |r 2005-01-02 00:00:00  |w 2026-02-23